شرح قانون العمل رقم 137 لسنة 1981 ومشروع القانون الجديد / (رقم التسجيلة. 81152)

تفاصيل مارك
000 -الفاتح
عناصر البيانات ثابتة الطول 00770cam a2200193 i 4500
005 - تاريخ ووقت آخر معاملة
حقل ضبط 20260122103050.0
008 - عناصر البيانات ثابتة الطول
عناصر البيانات ثابتة الطول 250721s1999 ua gr 000 0 ara d
082 14 - رقم تصنيف ديوي العشري
رقم التصنيف 344.01
رقم المادة ع م ر
100 1# - مدخل رئيسي – اسم شخصي
الاسم الشخصي عمران، محمد السيد
علاقة الشخص بالعمل/ دوره مؤلف.
245 10 - بيان العنوان
العنوان شرح قانون العمل رقم 137 لسنة 1981 ومشروع القانون الجديد /
بيان المسؤولية الأستاذ الدكتور السيد محمد السيد عمران.
264 31 - بيانات النشر، التوزيع…إلخ
مكان النشر، التوزيع...إلخ الإسكندرية :
اسم الناشر، الموزع...إلخ دار المطبوعات الجامعية،
تاريخ النشر، التوزيع...إلخ 1999.
300 ## - الوصف المادي
عدد الوحدات المكونة للوعاء 560 صفحة.
650 17 - مدخل إضافي بالموضوع - مصطلح موضوعي
مصطلح موضوعي أو اسم جغرافي كعنصر مدخل قانون العمل.
650 17 - مدخل إضافي بالموضوع - مصطلح موضوعي
مصطلح موضوعي أو اسم جغرافي كعنصر مدخل تشريعات العمل.
650 17 - مدخل إضافي بالموضوع - مصطلح موضوعي
مصطلح موضوعي أو اسم جغرافي كعنصر مدخل الإجراءات المدنية
650 17 - مدخل إضافي بالموضوع - مصطلح موضوعي
مصطلح موضوعي أو اسم جغرافي كعنصر مدخل العقود.
942 ## - بيانات إضافية (كوها)
نوع التنصيف Dewey Decimal Classification
نوع المادة (كوها) كتب
المقتنيات
حالة السحب حالة الفقدان مصدر التصنيف حالة التلف غير قابل للإعارة المكتبة الرئيسية المكتبة الحالية موقع الرف تاريخ التزويد الرقم المتسلسل Total Checkouts رقم الإستدعاء الباركود تاريخ آخر ظهور تاريخ الفاتورة نوع المادة (كوها)
    Dewey Decimal Classification     المكتبة المركزية المكتبة المركزية الإعارة 28/07/2025 1440972   344.01 / ع م ر PLD00199544 28/07/2025 28/07/2025 كتب
Implemented & Customized by: BBB with SCIT (Smart Chains for Information Technology)

Powered by Koha